000 00331nam a2200133 a 4500
005 20140414093835.0
008 030611s19uu xx 00 eng d
050 _aCDR 370
_bMUL 1998
245 _aThe multimedia workshop :
_bhigh school success.
650 _aEducation.
650 _aCD-ROM.
942 _cAVM
999 _c108949
_d108949